| 000 | 01562nam a2200349 i 4500 | ||
|---|---|---|---|
| 001 | 182526 | ||
| 003 | ES-MaACL | ||
| 005 | 20231027131619.0 | ||
| 008 | 130911s2012 sp ad |||| | spa d | ||
| 020 | _a978-84-7074-539-3 | ||
| 080 | _a316.77:32(063) | ||
| 080 | _a316.774(063) | ||
| 080 | _a004:316.77(063) | ||
| 080 | _a364.4(063) | ||
| 245 | 0 | 0 |
_aCrisis y cambios en la sociedad contemporánea : _bcomunicación y problemas sociales / _cMaría Dolores Cáceres Zapatero, Antonio Lucas Marín (editores) ; Javier Callejo Gallego, Juan Ignacio Rospir, Luis Deltell ... [et al.]. |
| 260 |
_aMadrid : _bFragua, _c2012. |
||
| 300 |
_a406 p. : _bil., gráf. ; _c24 cm. |
||
| 490 | 1 |
_aBiblioteca de ciencias de la comunicación ; _v64 |
|
| 504 | _aReferencias bibliográficas. | ||
| 650 |
_aComunicación en política- _vCongresos y asambleas. _9161863 |
||
| 650 | 0 | 4 |
_aMedios de comunicación social- _xAspectos sociales. _914968 |
| 650 | 4 |
_aTecnologías de la información y de la comunicación- _xAspectos sociales. _9161861 |
|
| 650 | 4 |
_aProblemas sociales- _vCongresos y asambleas. _9161862 |
|
| 700 | 1 |
_aCáceres Zapatero, María Dolores. _9153402 |
|
| 700 | 1 |
_aLucas Marín, Antonio. _974545 |
|
| 700 | 1 |
_aCallejo Gallego, Javier. _9141749 |
|
| 711 | 2 |
_aAsociación Madrileña de Sociología. Jornadas ( _n2ª. _d2012. _cMadrid) _9153403 |
|
| 830 | 0 |
_aBiblioteca de ciencias de la comunicación ; _v64 _9191759 |
|
| 852 |
_aES-MaACL _jA-12908 _9189439 _bR.149292 _cDEPO1 _dOlim: N-5908 |
||
| 942 |
_2udc _cMONOGRAFIA |
||
| 999 |
_c182526 _d182526 |
||